000 00678nam a22001937a 4500
003 NUST-PNEC
005 20170116180715.0
008 141016b xxu||||| |||| 00| 0 eng d
020 _a1560919183
040 _cPNEC
082 _a629.22 BOS
100 _9667
_aBosch Robert
245 _aAutomotive handbook
_cRobert Bosch
260 _aStuttgart : Robert Bosch ; Warrendale, PA. :
_bDistribution, Society of Automotive Engineers,
_cc.1996.
300 _a892 p. :
_bill. ;
_c18 cm.
500 _ahttp://www.amazon.com/Bosch-4-Automotive-Handbook-Robert/dp/1560919183/ref=sr_1_1?s=books&ie=UTF8&qid=1413456498&sr=1-1&keywords=1560919183
650 _xME
942 _2ddc
_cBK
999 _c61119
_d61119